000 00944nam a2200229Ii 4500
003 JO-AjNU
008 230605s9999||||xx |||||||||||||| ||und||
017 _a2021/10/6103
020 _a978-9957-94-741-5
040 _aJO-AjNU
_bara
_erda
_cJO-AjNU
041 _aara
050 1 4 _aUA853.J65 2021
100 3 _aالبطوش، بسام عبد السلام,
_eauthor
_963707
245 0 0 _aكلية الشهيد فيصل الثاني 1946-2021م: (دراسة وثائقية)
250 _aط1
264 3 1 _aعمان: وزارة الثقافه، 2021
300 _a280ص
_bاصدارات مئوية الدولة الاردنية 2021
336 _atext
_btxt
_2rdacontent
337 _aunmediated
_bn
_2rdamedia
338 _avolume
_bnc
_2rdacarrier
650 4 _aالمدارس العسكرية-الثقافة العسكرية-القوات المسلحة-السياسة التربوية-التربية والتعليم-الأردن
_963708
999 _aA28912
_c32480
_d32480